000
00227nam a2200097Ia 4500
001
807829
005
20250826171238.0
008
250824s9999 xx 000 0 und d
245
0
_a
KADER
_c
CANDAN ÖZER
260
_b
PANAMA YAYINLARI
999
_c
807829
_d
807829